Financial Accounting: Reporting and analysis (Record no. 9531)

MARC details
000 -LEADER
fixed length control field 00421nam a2200169Ia 4500
008 - FIXED-LENGTH DATA ELEMENTS--GENERAL INFORMATION
fixed length control field 230917s9999||||xx |||||||||||||| ||und||
020 ## - ISBN
Price Rs.525.00
040 ## - CATALOGING SOURCE
-- 5005261
Original cataloging agency VIVEKANANDA LIBRARY
041 ## - Language
-- English
082 ## - DDC NUMBER
Classification number 657.48 S51F
100 ## - MAIN ENTRY--PERSONAL NAME
Personal name Stice, Earl K
245 #0 - TITLE STATEMENT
Title Financial Accounting: Reporting and analysis
250 ## - EDITION STATEMENT
Edition statement 7th ed.
260 ## - PUBLICATION, DISTRIBUTION, ETC. (IMPRINT)
Place of publication, distribution, etc New Delhi
Name of publisher, distributor, etc Cenaage learning
Date of publication, distribution, etc 2006
300 ## - PHYSICAL DESCRIPTION
Pages 864 p.
942 ## - ADDED ENTRY ELEMENTS (KOHA)
Koha item type Books
Holdings
Withdrawn status Lost status Damaged status Not for loan Location (home branch) Sublocation or collection (holding branch) Date acquired Koha issues (times borrowed) Koha full call number Accession No. Koha date last seen Koha item type
        VIVEKANANDA LIBRARY VIVEKANANDA LIBRARY 11/07/2022   657.48 S51F 313515 17/09/2023 Books
© Designed and Maintained by Vivekananda Library, MDU Rohtak